<?xml version="1.0" encoding="UTF-8"?>
<record
    xmlns:xsi="http://www.w3.org/2001/XMLSchema-instance"
    xsi:schemaLocation="http://www.loc.gov/MARC21/slim http://www.loc.gov/standards/marcxml/schema/MARC21slim.xsd"
    xmlns="http://www.loc.gov/MARC21/slim">

  <leader>00611nam a22001937a 4500</leader>
  <controlfield tag="007">0</controlfield>
  <controlfield tag="008">160614b        xxu||||| |||| 00| 0 eng d</controlfield>
  <datafield tag="020" ind1=" " ind2=" ">
    <subfield code="a">978-2-7650-2225-1</subfield>
  </datafield>
  <datafield tag="040" ind1=" " ind2=" ">
    <subfield code="a">BUAC</subfield>
    <subfield code="c">BUC</subfield>
  </datafield>
  <datafield tag="041" ind1=" " ind2=" ">
    <subfield code="a">Fre</subfield>
  </datafield>
  <datafield tag="100" ind1=" " ind2=" ">
    <subfield code="a">Ouimet, G&#xE9;rard </subfield>
  </datafield>
  <datafield tag="245" ind1=" " ind2=" ">
    <subfield code="a">Psychologie du pouvoir organisationnel : </subfield>
    <subfield code="b">la ma&#xEE;trise des habilet&#xE9;s politiques </subfield>
    <subfield code="c">/ par G&#xE9;rard Ouimet</subfield>
  </datafield>
  <datafield tag="260" ind1=" " ind2=" ">
    <subfield code="a">Paris :</subfield>
    <subfield code="b">Cheneli&#xE8;re Education,</subfield>
    <subfield code="c">2008</subfield>
  </datafield>
  <datafield tag="300" ind1=" " ind2=" ">
    <subfield code="a">XII-266 p.</subfield>
    <subfield code="c">23 cm .</subfield>
    <subfield code="b">couv. ill. en coul. ;</subfield>
  </datafield>
  <datafield tag="521" ind1=" " ind2=" ">
    <subfield code="a">Bibliogr. pp. (263 -266)</subfield>
  </datafield>
  <datafield tag="630" ind1=" " ind2=" ">
    <subfield code="a">PHILOSOPHIE-PSYCHOLOGIE</subfield>
  </datafield>
  <datafield tag="650" ind1=" " ind2=" ">
    <subfield code="a">Travail : Psychologie</subfield>
  </datafield>
  <datafield tag="942" ind1=" " ind2=" ">
    <subfield code="c">LBA</subfield>
  </datafield>
  <datafield tag="999" ind1=" " ind2=" ">
    <subfield code="c">54567</subfield>
    <subfield code="d">54567</subfield>
  </datafield>
  <datafield tag="952" ind1=" " ind2=" ">
    <subfield code="0">0</subfield>
    <subfield code="1">0</subfield>
    <subfield code="4">0</subfield>
    <subfield code="7">0</subfield>
    <subfield code="a">BUAC</subfield>
    <subfield code="b">BUAC</subfield>
    <subfield code="d">2015-06-11</subfield>
    <subfield code="e">Don ARES</subfield>
    <subfield code="f">16/470</subfield>
    <subfield code="l">0</subfield>
    <subfield code="o">159.9.331 OUI</subfield>
    <subfield code="p">16-470BUC</subfield>
    <subfield code="r">2016-06-14 00:00:00</subfield>
    <subfield code="t">01</subfield>
    <subfield code="w">2016-06-14</subfield>
    <subfield code="y">LBA</subfield>
  </datafield>
  <datafield tag="952" ind1=" " ind2=" ">
    <subfield code="0">0</subfield>
    <subfield code="1">0</subfield>
    <subfield code="4">0</subfield>
    <subfield code="7">0</subfield>
    <subfield code="a">BUAC</subfield>
    <subfield code="b">BUAC</subfield>
    <subfield code="c">R&#xE9;serve</subfield>
    <subfield code="d">2017-07-10</subfield>
    <subfield code="e">Don ARES</subfield>
    <subfield code="f">17/120</subfield>
    <subfield code="l">0</subfield>
    <subfield code="o">159.9.331 OUI </subfield>
    <subfield code="p">17-120 BUC</subfield>
    <subfield code="r">2017-07-10 00:00:00</subfield>
    <subfield code="t">02</subfield>
    <subfield code="w">2017-07-10</subfield>
    <subfield code="y">LBA</subfield>
  </datafield>
</record>
